Представление документа в формате RUSMARC

ПолеНазваниеЗначение
  Тип записи a
  Библиографический уровень a
001 Контрольный номер RU/REG73/CBS_GRAD/acb9c82035c94b69b46fe5b5ac366266
005 Дата корректировки 20250214110553.4
100 Данные общей обработки __
a Данные общей обработки 20250214a2025####|||c0rusy0189 ca
101 Язык документа 0_
a Язык текста rus
102 Страна публикации __
a Страна публикации RU
200 Заглавие и сведения об ответственности 1_
a Заглавие Книга о несуществующем городе
e Сведения, относящиеся к заглавию "Симбирика" - книга р несуществующем городе с его неповторимым архитектурным обликом и трогательной гармонией провинциальной жизни
461 Уровень набора _0
1 2000
a Мономах
463 Уровень физической единицы _0
1 2000
a № 1(145)(февраль)
v С.64-65.
1 2101
d 2025
1 001RU/REG73/CBS_GRAD/2ba25a33753c4d98835f1b4e3673e6d7
606 Тематические рубрики 0_
a Основная рубрика История края
610 Ключевые слова 0_
a Ключевые слова Симбирск, рецензия на книгу, история Симбирска
686 Индексы других классификаций __
a Классификационный индекс 63
2 Код системы rubbk
700 Автор _1
a Фамилия Ястребов
b Имя (инициалы) В.
701 Альтернативная интеллектуальная ответственность _1
a Фамилия Бороденкова
b Имя (инициалы) Н.
801 Источник записи _0
a Страна RU
b Организация RuCBSGrad
c Дата составления 20250214
g Правила каталогизации RCR
801 Источник записи _1
a Страна RU
b Организация RuCBSGrad
c Дата составления 20250214
g Правила каталогизации RCR
852 Данные о местонахождении __
a Наименование организации МБУК "ЦБС г. Димитровграда"
901 Тип документа __
t Тип документа b
w Контрольный № источника RU/REG73/CBS_GRAD/2ba25a33753c4d98835f1b4e3673e6d7
909 Создатель записи __
a Создатель записи Тенигина
b Дата создания записи 20250314